Manuel de géographie de la mer et des littoraux (notice n° 1553777)

détails MARC
000 -LEADER
fixed length control field 01771cam a2200277zu 4500
003 - CONTROL NUMBER IDENTIFIER
control field FRCYB45007898
005 - DATE AND TIME OF LATEST TRANSACTION
control field 20251020123324.0
008 - FIXED-LENGTH DATA ELEMENTS--GENERAL INFORMATION
fixed length control field 251020s2005 fr | o|||||0|0|||fre d
020 ## - INTERNATIONAL STANDARD BOOK NUMBER
International Standard Book Number 9782844502490
035 ## - SYSTEM CONTROL NUMBER
System control number FRCYB45007898
040 ## - CATALOGING SOURCE
Original cataloging agency FR-PaCSA
Language of cataloging fr
Transcribing agency
Description conventions rda
100 1# - MAIN ENTRY--PERSONAL NAME
Personal name Saffache, Pascal
245 01 - TITLE STATEMENT
Title Manuel de géographie de la mer et des littoraux
Remainder of title Essai de compréhension du milieu littoral martiniquais
Statement of responsibility, etc. ['Saffache, Pascal']
264 #1 - PRODUCTION, PUBLICATION, DISTRIBUTION, MANUFACTURE, AND COPYRIGHT NOTICE
Name of producer, publisher, distributor, manufacturer Ibis Rouge
Date of production, publication, distribution, manufacture, or copyright notice 2005
300 ## - PHYSICAL DESCRIPTION
Extent p.
336 ## - CONTENT TYPE
Content type code txt
Source rdacontent
337 ## - MEDIA TYPE
Media type code c
Source rdamdedia
338 ## - CARRIER TYPE
Carrier type code c
Source rdacarrier
520 ## - SUMMARY, ETC.
Summary, etc. En dépit des nombreuses mutations qu'a subies la géographie ces dernières décennies - passant d'une étude des relations homme-milieu à une étude de l'espace social - cet ouvrage a pour but de permettre aux jeunes géographes d'appréhender l'espace étudié à travers toutes ses composantes et particulièrement sa composante géologique. N'oublions pas que la géologie a été pendant longtemps le pendant naturel de la géographie, car elle permettait de décrire et d'expliquer les formes du relief à partir des données structurales. Bien que ces notions paraissent inutiles à certains, nous pensons que plus le géographe maîtrisera de disciplines, plus il pourra expliquer facilement les mécanismes dynamiques qui régissent le milieu et l'espace qu'il occupe. La dimension physique de la géographie nous semblant primordiale et inaliénable, cet ouvrage se veut un outil pédagogique à la portée de tous.
650 #0 - SUBJECT ADDED ENTRY--TOPICAL TERM
Topical term or geographic name entry element
700 0# - ADDED ENTRY--PERSONAL NAME
Personal name Saffache, Pascal
856 40 - ELECTRONIC LOCATION AND ACCESS
Access method Cyberlibris
Uniform Resource Identifier <a href="https://international.scholarvox.com/netsen/book/45007898">https://international.scholarvox.com/netsen/book/45007898</a>
Electronic format type text/html
Host name

Pas d'exemplaire disponible.

PLUDOC

PLUDOC est la plateforme unique et centralisée de gestion des bibliothèques physiques et numériques de Guinée administré par le CEDUST. Elle est la plus grande base de données de ressources documentaires pour les Étudiants, Enseignants chercheurs et Chercheurs de Guinée.

Adresse

627 919 101/664 919 101

25 boulevard du commerce
Kaloum, Conakry, Guinée

Réseaux sociaux

Powered by Netsen Group @ 2025